|
|
|
|
| LEADER |
00639cam a2200205ua 4500 |
| 020 |
|
|
|a 81-7024-833-7
|
| 082 |
|
|
|a 579.89
|b VIJ/R
|
| 100 |
|
|
|a Vijayaraghavan, H.R
|
| 245 |
1 |
0 |
|a Red algae: structure, ultrastructure and reproduction
|
| 260 |
|
|
|a New Delhi
|b APH
|c 1997
|
| 300 |
|
|
|a xxii,306p.
|
| 490 |
0 |
|
|a Studies in cryptogamic botany: vol. 2
|
| 500 |
|
|
|a Includes index and references.
|
| 650 |
|
|
|a Microorganisms
|
| 650 |
0 |
|
|a Biology
|
| 650 |
0 |
|
|a Life sciences
|
| 700 |
0 |
2 |
|a Bhatia, Bela
|
| 942 |
|
|
|c BK
|
| 999 |
|
|
|c 893
|d 893
|
| 952 |
|
|
|0 0
|1 0
|4 0
|6 579_890000000000000_VIJR
|7 0
|9 936
|a KUCL
|b KUCL
|d 2014-05-23
|l 0
|o 579.89 VIJ/R
|p 04006
|r 2014-05-23
|y BK
|